000 00419nam a22001697a 4500
003 OSt
005 20220117104622.0
008 220117b |||||||| |||| 00| 0 eng d
020 _a9789351199465
040 _cHU
082 _a620.004
100 _aAutoCAD
_928171
245 _aAutoCAD 2017For Engineers And Designers Basic And Intermediate
250 _a23ed
260 _aDelhi
_bDelhi
942 _2ddc
_cBOOKS
_n0
999 _c27272
_d27272